Current 2022-2023 NBA Rosters - Statistics

General Stats
  • This quiz has been taken 12,396 times
    7,417 since last reset
  • The average score is 179 of 497
Answer Stats
Team Answer % Correct
Atlanta Hawks 11 Trae Young
96%
Toronto Raptors 21 Thaddeus Young
91%
Atlanta Hawks 5 Dejounte Murray
85%
Denver Nuggets 27 Jamal Murray
84%
Sacramento Kings 13 Keegan Murray
84%
Golden State Warriors 23 Draymond Green
83%
Houston Rockets 0 Jalen Green
83%
MIL-Two Way 20 A.J. Green
82%
Memphis Grizzlies 14 Danny Green
82%
Golden State Warriors 1 JaMychal Green
82%
Chicago Bulls 24 Javonte Green
82%
Boston Celtics 7 Jaylen Brown
82%
Denver Nuggets 8 Jeff Green
82%
Dallas Mavericks 8 Josh Green
82%
Denver Nuggets 11 Bruce Brown
81%
Portland Trail Blazers 4 Greg Brown
81%
Boston Celtics 0 Jayson Tatum
81%
Los Angeles Clippers 9 Moses Brown
81%
Golden State Warriors 30 Stephen Curry
81%
Los Angeles Lakers 7 Troy Brown Jr
81%
Los Angeles Lakers 6 LeBron James
80%
Brooklyn Nets 30 Seth Curry
80%
Chicago Bulls 44 Patrick Williams
79%
BKN-Two Way 31 Alondes Williams
78%
Boston Celtics 12 Grant Williams
78%
Oklahoma City Thunder 8 Jalen Williams
78%
Oklahoma City Thunder 6 Jaylin Williams
78%
Charlotte Hornets 5 Mark Williams
78%
Boston Celtics 44 Robert Williams
78%
MEM-Two Way 5 Vince Williams Jr
78%
Memphis Grizzlies 8 Ziaire Williams
78%
Atlanta Hawks 15 Clint Capela
77%
Oklahoma City Thunder 34 Kenrich Williams
77%
IND-Two Way 10 Kendall Brown
76%
Golden State Warriors 11 Klay Thompson
76%
Brooklyn Nets 11 Kyrie Irving
76%
Los Angeles Lakers 3 Anthony Davis
75%
Detroit Pistons 0 Jalen Duren
75%
Philadelphia 76ers 1 James Harden
75%
Washington Wizards 1 Johnny Davis
75%
Charlotte Hornets 1 LaMelo Ball
75%
Sacramento Kings 3 Terence Davis
75%
Milwaukee Bucks 34 Giannis Antetokounmpo
74%
Chicago Bulls 2 Lonzo Ball
74%
Dallas Mavericks 77 Luka Doncic
73%
Oklahoma City Thunder 2 Shai Gilgeous-Alexander
73%
Denver Nuggets 15 Nikola Jokic
72%
Phoenix Suns 3 Chris Paul
71%
Memphis Grizzlies 12 Ja Morant
71%
Philadelphia 76ers 21 Joel Embiid
71%
Los Angeles Clippers 13 Paul George
71%
Los Angeles Lakers 0 Russell Westbrook
71%
Boston Celtics 42 Al Horford
70%
Cleveland Cavaliers 45 Donovan Mitchell
70%
Miami Heat 22 Jimmy Butler
70%
Atlanta Hawks 20 John Collins
70%
Los Angeles Clippers 2 Kawhi Leonard
70%
Sacramento Kings 15 Davion Mitchell
69%
Phoenix Suns 1 Devin Booker
69%
Memphis Grizzlies 13 Jaren Jackson Jr
69%
Boston Celtics 36 Marcus Smart
69%
San Antonio Spurs 23 Zach Collins
69%
Chicago Bulls 11 DeMar DeRozan
68%
Boston Celtics 9 Derrick White
68%
Milwaukee Bucks 21 Jrue Holiday
68%
Chicago Bulls 8 Zach LaVine
68%
Chicago Bulls 0 Coby White
67%
Portland Trail Blazers 0 Damian Lillard
67%
Dallas Mavericks 10 Dorian Finney-Smith
67%
DEN-Two Way 10 Jack White
67%
Cleveland Cavaliers 31 Jarrett Allen
67%
Atlanta Hawks 8 Justin Holiday
67%
New Orleans Pelicans 1 Zion Williamson
67%
Atlanta Hawks 0 Aaron Holiday
66%
Brooklyn Nets 10 Ben Simmons
66%
Phoenix Suns 23 Cameron Johnson
66%
Milwaukee Bucks 7 Grayson Allen
66%
Indiana Pacers 23 Isaiah Jackson
66%
Atlanta Hawks 1 Jalen Johnson
66%
Boston Celtics 43 Justin Jackson
66%
Minnesota Timberwolves 32 Karl-Anthony Towns
66%
San Antonio Spurs 3 Keldon Johnson
66%
Portland Trail Blazers 6 Keon Johnson
66%
Los Angeles Clippers 1 Reggie Jackson
66%
Portland Trail Blazers 1 Anfernee Simons
65%
Cleveland Cavaliers 10 Darius Garland
65%
Houston Rockets 1 Jabari Smith Jr
65%
Indiana Pacers 16 James Johnson
65%
Golden State Warriors 3 Jordan Poole
65%
Houston Rockets 3 Kevin Porter Jr
65%
Denver Nuggets 1 Michael Porter Jr
65%
Toronto Raptors 32 Otto Porter Jr
65%
Golden State Warriors 22 Andrew Wiggins
64%
Minnesota Timberwolves 1 Anthony Edwards
64%
Sacramento Kings 5 De'Aaron Fox
64%
Charlotte Hornets 10 Dennis Smith
64%
MIA-Two Way 9 Dru Smith
64%
Denver Nuggets 14 Ish Smith
64%
Indiana Pacers 25 Jalen Smith
64%
Brooklyn Nets 14 Kessler Edwards
64%
Brooklyn Nets 7 Kevin Durant
64%
Utah Jazz 6 Nickeil Alexander-Walker
64%
Orlando Magic 14 Gary Harris
63%
Brooklyn Nets 12 Joe Harris
63%
ORL-Two Way 7 Kevon Harris
63%
Milwaukee Bucks 22 Khris Middleton
63%
Phoenix Suns 25 Mikal Bridges
63%
Minnesota Timberwolves 27 Rudy Gobert
63%
Philadelphia 76ers 12 Tobias Harris
63%
Indiana Pacers 0 Tyrese Haliburton
63%
Denver Nuggets 50 Aaron Gordon
62%
Oklahoma City Thunder 21 Aaron Wiggins
62%
Miami Heat 13 Bam Adebayo
62%
Houston Rockets 10 Eric Gordon
62%
Detroit Pistons 2 Cade Cunningham
61%
Sacramento Kings 10 Domantas Sabonis
61%
Miami Heat 14 Tyler Herro
61%
Philadelphia 76ers 0 Tyrese Maxey
61%
Washington Wizards 3 Bradley Beal
60%
Milwaukee Bucks 11 Brook Lopez
60%
New York Knicks 30 Julius Randle
60%
New Orleans Pelicans 14 Brandon Ingram
59%
Phoenix Suns 22 Deandre Ayton
59%
Cleveland Cavaliers 4 Evan Mobley
59%
Toronto Raptors 43 Pascal Siakam
59%
Cleveland Cavaliers 33 Robin Lopez
59%
Memphis Grizzlies 4 Steven Adams
59%
Detroit Pistons 44 Bojan Bogdanovic
58%
Miami Heat 55 Duncan Robinson
58%
New York Knicks 11 Jalen Brunson
58%
Golden State Warriors 5 Kevon Looney
58%
Miami Heat 7 Kyle Lowry
58%
New York Knicks 23 Mitchell Robinson
58%
Atlanta Hawks 13 Bogdan Bogdanovic
57%
Minnesota Timberwolves 0 D'Angelo Russell
57%
NYK-Two Way 44 Feron Hunt
57%
CLE-Two Way 15 Isaiah Mobley
57%
Memphis Grizzlies 22 Desmond Bane
56%
Toronto Raptors 23 Fred VanVleet
56%
Oklahoma City Thunder 3 Josh Giddey
56%
Chicago Bulls 9 Nikola Vucevic
56%
Boston Celtics 91 Blake Griffin
55%
New Orleans Pelicans 3 CJ McCollum
55%
Los Angeles Lakers 30 Damian Jones
55%
Atlanta Hawks 12 De'Andre Hunter
55%
Chicago Bulls 10 Derrick Jones Jr
55%
Memphis Grizzlies 24 Dillon Brooks
55%
Sacramento Kings 40 Harrison Barnes
55%
New Orleans Pelicans 5 Herbert Jones
55%
Charlotte Hornets 23 Kai Jones
55%
Orlando Magic 5 Paolo Banchero
55%
Toronto Raptors 4 Scottie Barnes
55%
San Antonio Spurs 33 Tre Jones
55%
Memphis Grizzlies 21 Tyus Jones
55%
Atlanta Hawks 14 AJ Griffin
54%
Washington Wizards 6 Kristaps Porzingis
54%
Indiana Pacers 33 Myles Turner
54%
Brooklyn Nets 33 Nicolas Claxton
53%
Los Angeles Lakers 15 Austin Reaves
52%
Orlando Magic 50 Cole Anthony
52%
Los Angeles Clippers 40 Ivica Zubac
51%
Utah Jazz 23 Lauri Markkanen
51%
New York Knicks 9 RJ Barrett
51%
Cleveland Cavaliers 0 Kevin Love
50%
Los Angeles Lakers 4 Lonnie Walker
50%
Charlotte Hornets 3 Terry Rozier
50%
Memphis Grizzlies 15 Brandon Clarke
49%
Indiana Pacers 24 Buddy Hield
49%
Portland Trail Blazers 34 Jabari Walker
49%
Boston Celtics 13 Malcolm Brogdon
49%
Charlotte Hornets 20 Gordon Hayward
48%
Los Angeles Clippers 11 John Wall
48%
Golden State Warriors 00 Jonathan Kuminga
47%
Portland Trail Blazers 27 Jusuf Nurkic
47%
Washington Wizards 33 Kyle Kuzma
47%
Orlando Magic 34 Wendell Carter Jr
47%
Chicago Bulls 25 Alex Caruso
46%
Brooklyn Nets 24 Cam Thomas
46%
Milwaukee Bucks 5 Jevon Carter
46%
New Orleans Pelicans 17 Jonas Valanciunas
46%
Philadelphia 76ers 17 P.J. Tucker
46%
Utah Jazz 0 Talen Hurton-Tucker
46%
Houston Rockets 28 Alperen Sengun
45%
Dallas Mavericks 7 Dwight Powell
45%
Orlando Magic 22 Franz Wagner
45%
Portland Trail Blazers 11 Josh Hart
45%
Denver Nuggets 5 Kentavious Caldwell-Pope
45%
Sacramento Kings 9 Kevin Huerter
45%
Orlando Magic 21 Moritz Wagner
45%
Los Angeles Clippers 24 Norman Powell
45%
Dallas Mavericks 26 Spencer Dinwiddie
45%
Phoenix Suns 99 Jae Crowder
44%
Portland Trail Blazers 9 Jerami Grant
44%
Los Angeles Clippers 8 Marcus Morris
44%
Brooklyn Nets 13 Markieff Morris
44%
Utah Jazz 10 Mike Conley
44%
Washington Wizards 22 Monte Morris
44%
Detroit Pistons 23 Jaden Ivey
43%
Oklahoma City Thunder 5 Luguentz Dort
43%
Boston Celtics 11 Payton Pritchard
43%
Dallas Mavericks 11 Tim Hardaway Jr
43%
Dallas Mavericks 35 Christian Wood
42%
New York Knicks 4 Derrick Rose
42%
Utah Jazz 00 Jordan Clarkson
42%
Charlotte Hornets 24 Mason Plumlee
42%
Miami Heat 16 Caleb Martin
41%
Charlotte Hornets 11 Cody Martin
41%
Utah Jazz 2 Collin Sexton
41%
Denver Nuggets 6 DeAndre Jordan
41%
PHX-Two Way 4 Duane Washington Jr
41%
Houston Rockets 6 Kenyon Martin Jr
41%
Charlotte Hornets 25 P.J. Washington
41%
Detroit Pistons 41 Saddiq Bey
41%
Houston Rockets 0 TyTy Washington
41%
Golden State Warriors 33 James Wiseman
40%
Los Angeles Lakers 4 Patrick Beverley
40%
Atlanta Hawks 22 Tyrese Martin
40%
Milwaukee Bucks 9 Bobby Portis
39%
Cleveland Cavaliers 3 Caris LeVert
39%
Los Angeles Lakers 95 Juan Toscano-Anderson
39%
Oklahoma City Thunder 7 Chet Holmgren
38%
Orlando Magic 4 Jalen Suggs
38%
CHI-Two Way 37 Kostas Antetokounmpo
38%
Milwaukee Bucks 43 Thanasis Antetokounmpo
38%
San Antonio Spurs 25 Jakob Poeltl
37%
New Orleans Pelicans 10 Jaxson Hayes
37%
Detroit Pistons 7 Killian Hayes
37%
Golden State Warriors 0 Donte DiVincenzo
36%
Portland Trail Blazers 0 Gary Payton
36%
Cleveland Cavaliers 35 Isaac Okoro
36%
Minnesota Timberwolves 5 Kyle Anderson
36%
Miami Heat 31 Max Strus
36%
Toronto Raptors 3 OG Anunoby
36%
Detroit Pistons 28 Isaiah Stewart
35%
Chicago Bulls 3 Andre Drummond
34%
Orlando Magic 11 Bol Bol
34%
Orlando Magic 5 Mo Bamba
34%
Los Angeles Clippers 14 Terance Mann
34%
Los Angeles Lakers 31 Thomas Bryant
34%
Oklahoma City Thunder 23 Tre Mann
34%
Los Angeles Lakers 17 Dennis Schroder
33%
Orlando Magic 20 Markelle Fultz
33%
New York Knicks 5 Immanuel Quickley
32%
Minnesota Timberwolves 3 Jaden McDaniels
32%
Charlotte Hornets 6 Jalen McDaniels
32%
Dallas Mavericks 00 JaVale McGee
32%
Golden State Warriors 4 Moses Moody
32%
Washington Wizards 8 Rui Hachimura
32%
Miami Heat 40 Udonis Haslem
32%
Phoenix Suns 15 Cameron Payne
31%
Miami Heat 2 Gabe Vincent
31%
Toronto Raptors 33 Gary Trent Jr
31%
Charlotte Hornets 12 Kelly Oubre Jr
31%
Brooklyn Nets 8 Patty Mills
31%
New Orleans Pelicans 15 Jose Alvarado
30%
Sacramento Kings 0 Malik Monk
30%
Dallas Mavericks 42 Maxi Kleber
30%
Los Angeles Clippers 33 Nicolas Batum
30%
Cleveland Cavaliers 3 Ricky Rubio
30%
San Antonio Spurs 24 Devin Vassell
29%
Utah Jazz 8 Jarred Vanderbilt
29%
Golden State Warriors 9 Andre Iguodala
28%
Cleveland Cavaliers 16 Cedi Osman
28%
Brooklyn Nets 20 Day'Ron Sharpe
28%
Cleveland Cavaliers 32 Dean Wade
28%
Dallas Mavericks 25 Reggie Bullock
28%
Brooklyn Nets 00 Royce O'Neale
28%
Portland Trail Blazers 17 Shaedon Sharpe
28%
Chicago Bulls 12 Ayo Dosunmu
27%
New York Knicks 13 Evan Fournier
27%
Boston Celtics 40 Luke Kornet
27%
Philadelphia 76ers 22 Matisse Thybulle
27%
Atlanta Hawks 17 Onyeka Okongwu
27%
Miami Heat 4 Victor Oladipo
27%
Indiana Pacers 22 Bennedict Mathurin
26%
Houston Rockets 51 Boban Marjanovic
26%
Boston Celtics 8 Danilo Gallinari
26%
Philadelphia 76ers 8 De'Anthony Melton
26%
New York Knicks 55 Isaiah Hartenstein
26%
Utah Jazz 5 Malik Beasley
26%
Utah Jazz 24 Walker Kessler
26%
Denver Nuggets 3 Bones Hyland
25%
San Antonio Spurs 10 Jeremy Sochan
25%
New York Knicks 1 Obi Toppin
25%
Milwaukee Bucks 24 Pat Connaughton
25%
Boston Celtics 30 Sam Hauser
25%
New York Knicks 0 Cam Reddish
24%
Denver Nuggets 9 Davon Reed
24%
Milwaukee Bucks 3 George Hill
24%
Chicago Bulls 7 Goran Dragic
24%
Los Angeles Clippers 5 Luke Kennard
24%
CHI-Two Way 14 Malcolm Hill
24%
Minnesota Timberwolves 11 Naz Reid
24%
Philadelphia 76ers 44 Paul Reed
24%
New Orleans Pelicans 25 Trey Murphy
24%
Oklahoma City Thunder 17 Aleksej Pokusevski
23%
Utah Jazz 41 Kelly Olynyk
23%
Detroit Pistons 35 Marvin Bagley
23%
Charlotte Hornets 14 Nick Richards
23%
Los Angeles Clippers 23 Robert Covington
23%
Philadelphia 76ers 18 Shake Milton
23%
Brooklyn Nets 18 Yuta Watanabe
23%
Washington Wizards 9 Deni Avdija
22%
New Orleans Pelicans 4 Devonte Graham
22%
Milwaukee Bucks 7 Joe Ingles
22%
Toronto Raptors 25 Chris Boucher
21%
Phoenix Suns 10 Damion Lee
21%
Washington Wizards 21 Daniel Gafford
21%
Houston Rockets 25 Garrison Matthews
21%
Houston Rockets 8 Jae'Sean Tate
21%
Orlando Magic 31 Terrence Ross
21%
Indiana Pacers 9 T.J. McConnell
21%
Milwaukee Bucks 23 Wesley Matthews
21%
Indiana Pacers 3 Chris Duarte
20%
Philadelphia 76ers 30 Furkan Korkmaz
20%
Philadelphia 76ers 20 Georges Niang
20%
Orlando Magic 1 Jonathan Isaac
20%
Los Angeles Lakers 12 Kendrick Nunn
20%
Memphis Grizzlies 7 Santi Aldama
20%
Brooklyn Nets 1 T.J. Warren
20%
Washington Wizards 5 Will Barton
20%
Philadelphia 76ers 5 Montrezl Harrell
19%
Miami Heat 5 Nikola Jovic
19%
New York Knicks 6 Quentin Grimes
19%
LAL-Two Way 14 Scotty Pippen Jr
19%
Milwaukee Bucks 25 Serge Ibaka
19%
Indiana Pacers 23 Aaron Nesmith
18%
Dallas Mavericks 44 Davis Bertans
18%
Phoenix Suns 14 Landry Shamet
18%
New Orleans Pelicans 22 Larry Nance Jr
18%
Minnesota Timberwolves 12 Taurean Prince
18%
Oklahoma City Thunder 55 Darius Bazley
17%
New Orleans Pelicans 11 Dyson Daniels
17%
Memphis Grizzlies 46 John Konchar
17%
San Antonio Spurs 7 Josh Richardson
17%
Memphis Grizzlies 2 Xavier Tillman
17%
Indiana Pacers 2 Andrew Nembhard
16%
GSW-Two Way 40 Anthony Lamb
16%
Indiana Pacers 27 Daniel Theis
16%
Phoenix Suns 20 Dario Saric
16%
Oklahoma City Thunder 11 Isaiah Joe
16%
Phoenix Suns 2 Josh Okogie
16%
Toronto Raptors 41 Juancho Hernangomez
16%
Oklahoma City Thunder 33 Mike Muscala
16%
Toronto Raptors 5 Precious Achiuwa
16%
Sacramento Kings 22 Richaun Holmes
16%
Phoenix Suns 0 Torrey Craig
16%
Los Angeles Lakers 35 Wenyen Gabriel
16%
New Orleans Pelicans 9 Willy Hernangomez
16%
Minnesota Timberwolves 25 Austin Rivers
15%
Phoenix Suns 18 Bismack Biyombo
15%
San Antonio Spurs 41 Gorgui Dieng
15%
Dallas Mavericks 3 Jaden Hardy
15%
Los Angeles Lakers 37 Matt Ryan
15%
Utah Jazz 22 Rudy Gay
15%
GSW-Two Way 10 Ty Jerome
15%
Sacramento Kings 25 Alex Len
14%
Washington Wizards 24 Corey Kispert
14%
Philadelphia 76ers 25 Danuel House
14%
Washington Wizards 55 Delon Wright
14%
Miami Heat 21 Dewayne Dedmon
14%
DAL-Two Way 23 McKinley Wright
14%
Oklahoma City Thunder 13 Ousmane Dieng
14%
Washington Wizards 67 Taj Gibson
14%
Detroit Pistons 5 Alec Burks
13%
San Antonio Spurs 17 Doug McDermott
13%
Charlotte Hornets 2 James Bouknight
13%
Oklahoma City Thunder 50 Jeremiah Robinson-Earl
13%
New York Knicks 45 Jericho Sims
13%
Houston Rockets 9 Josh Christopher
13%
Cleveland Cavaliers 8 Lamar Stevens
13%
Los Angeles Lakers 10 Max Christie
13%
Miami Heat 77 Omer Yurtseven
13%
Houston Rockets 17 Tari Eason
13%
Los Angeles Clippers 7 Amir Coffey
12%
Detroit Pistons 18 Cory Joseph
12%
Chicago Bulls 25 Dalen Terry
12%
Indiana Pacers 88 Goga Bitadze
12%
Miami Heat 24 Haywood Highsmith
12%
Minnesota Timberwolves 6 Jordan McLaughlin
12%
Milwaukee Bucks 13 Jordan Nwora
12%
Toronto Raptors 22 Malachi Flynn
12%
New York Knicks 2 Miles McBride
12%
Cleveland Cavaliers 19 Raul Neto
12%
Chicago Bulls 13 Tony Bradley
12%
Los Angeles Clippers 4 Brandon Boston Jr
11%
Houston Rockets 20 Bruno Fernando
11%
Atlanta Hawks 17 Frank Kaminsky
11%
Dallas Mavericks 21 Frank Ntilikina
11%
Detroit Pistons 6 Hamidou Diallo
11%
Phoenix Suns 11 Jack Landale
11%
Charlotte Hornets 21 JT Thor
11%
Detroit Pistons 20 Kevin Knox
11%
Milwaukee Bucks 0 MarJon Beauchamp
11%
Portland Trail Blazers 10 Nassir Little
11%
Detroit Pistons 9 Nerlens Noel
11%
Golden State Warriors 7 Patrick Baldwin Jr
11%
Brooklyn Nets 4 Edmond Sumner
10%
Minnesota Timberwolves 4 Jaylen Nowell
10%
Portland Trail Blazers 26 Justise Winslow
10%
MEM-Two Way 6 Kenneth Lofton Jr
10%
New Orleans Pelicans 13 Kira Lewis Jr
10%
Orlando Magic 13 R.J. Hampton
10%
Houston Rockets 16 Usman Garuba
10%
Denver Nuggets 31 Vlatko Cancar
10%
Portland Trail Blazers 24 Drew Eubanks
9%
BOS-Two Way 20 JD Davison
9%
San Antonio Spurs 11 Joshua Primo
9%
New Orleans Pelicans 8 Naji Marshall
9%
Indiana Pacers 12 Oshae Brissett
9%
Denver Nuggets 22 Zeke Nnaji
9%
Washington Wizards 16 Anthony Gill
8%
Sacramento Kings 7 Chimezie Metu
8%
Orlando Magic 3 Chuma Okeke
8%
BKN-Two Way 6 David Duke
8%
Memphis Grizzlies 27 David Robby
8%
Cleveland Cavaliers 9 Dylan Windler
8%
San Antonio Spurs 31 Keita Bates-Diop
8%
Memphis Grizzlies 1 Kennedy Chandler
8%
Toronto Raptors 24 Khem Birch
8%
MIN-Two Way 55 Luka Garza
8%
Boston Celtics 4 Noah Vonleh
8%
Denver Nuggets 8 Peyton Watson
8%
Golden State Warriors 2 Ryan Rollins
8%
Indiana Pacers 21 Terry Taylor
8%
CHA-Two Way Theo Maledon
8%
Minnesota Timberwolves 9 Wendell Moore Jr
8%
Minnesota Timberwolves 10 Bryn Forbes
7%
Toronto Raptors 45 Dalano Banton
7%
Detroit Pistons 12 Isaiah Livers
7%
San Antonio Spurs 18 Isaiah Roby
7%
Philadelphia 76ers 11 Jaden Springer
7%
Utah Jazz 30 Ochai Agbaji
7%
San Antonio Spurs 35 Romeo Langford
7%
Dallas Mavericks 1 Theo Pinson
7%
ATL-Two Way 2 Trent Forrest
7%
Atlanta Hawks 27 Vit Krejci
7%
Houston Rockets 15 Daishen Nix
6%
New Orleans Pelicans 41 Garrett Temple
6%
Memphis Grizzlies 3 Jake LaRavia
6%
ATL-Two Way 7 Jarrett Culver
6%
WAS-Two Way 7 Jordan Goodwin
6%
SAS-Two Way 55 Jordan Hall
6%
PHI-Two Way 55 Julian Champagnie
6%
Toronto Raptors 11 Justin Champagnie
6%
SAC-Two Way 23 Keon Ellis
6%
San Antonio Spurs 22 Malaki Branham
6%
Chicago Bulls 19 Marko Simonovic
6%
Sacramento Kings 8 Matthew Dellavedova
6%
Sacramento Kings 8 Maurice Harkless
6%
BOS-Two Way 28 Mfiondu Kabengele
6%
Minnesota Timberwolves 13 Nathan Knight
6%
Sac-Two Way 88 Neemias Queta
6%
Detroit Pistons 17 Rodney McGruder
6%
TOR-Two Way 8 Ron Harper Jr
6%
MIL-Two Way 54 Sandro Mamukelashvili
6%
Utah Jazz 16 Simone Fontecchio
6%
Portland Trail Blazers 2 Trendon Watford
6%
San Antonio Spurs 14 Blake Wesley
5%
CHA-Two Way 7 Bryce McGowens
5%
Denver Nuggets 0 Christian Braun
5%
PHX-Two Way 12 Ishmail Wainright
5%
Los Angeles Clippers 0 Jason Preston
5%
Sacramento Kings 30 KZ Okpala
5%
OKC-Two Way 12 Lindy Waters
5%
LAC-Two Way 25 Moussa Diabate
5%
New York Knicks 51 Ryan Arcidiacono
5%
ORL-Two Way 25 Admiral Schofield
4%
DET-Two Way 8 Braxton Key
4%
Orlando Magic 2 Caleb Houstan
4%
LAL-Two Way 20 Cole Swider
4%
DEN-Two Way 21 Collin Gillespie
4%
MIN-Two Way 9 Eric Paschall
4%
MIA-Two Way 8 Jamal Cain
4%
POR-Two Way 33 Olivier Sarr
4%
New York Knicks 17 Svi Mykhailiuk
4%
IND-Two Way 8 Trevelin Queen
4%
DET-Two Way 27 Buddy Boeheim
3%
HOU-Two Way Darius Days
3%
NOP-Two Way 32 E.J. Liddell
3%
OKC-Two Way 97 Eugene Omoruyi
3%
Washington Wizards 14 Isaiah Todd
3%
TOR-Two Way 20 Jeff Dowtin
3%
UTA-Two Way 33 Johnny Juzang
3%
Minnesota Timberwolves 8 Josh Minott
3%
Utah Jazz 10 Leandro Bolmaro
3%
PHI-Two Way 35 Michael Foster
3%
HOU-Two Way 12 Trevor Hudgins
3%
NYK-Two Way 3 Trevor Keels
3%
DAL-Two Way 5 Tyler Dorsey
3%
Washington Wizards 6 Vernon Carey Jr
3%
Toronto Raptors 35 Christian Koloko
2%
NOP-Two Way 0 Dereon Seabron
2%
SAS-Two Way 26 Dominick Barlow
2%
WAS-Two Way 20 Jordan Schakel
2%
Sacramento Kings 19 Chima Moneke
1%
Utah Jazz 20 Udoka Azubuike
1%
No matching quizzes found
Score Distribution
Percent of People with Each Score
Percentile by Number Answered
Your Score History
You have not taken this quiz since the last reset